| 000 | 00625cam a2200169 4500 | ||
|---|---|---|---|
| 001 | WB3533-04 | ||
| 008 | 000000n1999 000 0 eng u | ||
| 035 | _a(Sirsi) u102577 | ||
| 245 | _aBritain moves to implement ban. | ||
| 260 | _c1999 | ||
| 490 |
_aDETR News Release _v(845) 24 August 1999 |
||
| 490 |
_aHSE News Release _v(35) 24 August 1999 (2) |
||
| 520 | _aGovernment has announced that the importation of white asbestos into the UK and its supply and use will be banned from 24 November 1999. | ||
| 650 | _aMANAGEMENT-HEALTH AND SAFETY-HAZARDOUS SUBSTANCES-ASBESTOS | ||
| 690 | _aBUILT ENVIRONMENT | ||
| 942 | _n0 | ||
| 999 |
_c61578 _d61578 |
||